Tree roots and buildings (Record no. 81427)

MARC details
000 -LEADER
fixed length control field 00571nam a2200133 a 4500
008 - FIXED-LENGTH DATA ELEMENTS--GENERAL INFORMATION
fixed length control field 120416s1984 xx |||||||||||||| || u
050 ## - LIBRARY OF CONGRESS CALL NUMBER
Classification number TH 153 Cut
100 ## - MAIN ENTRY--PERSONAL NAME
Personal name Cutler, David Frederic
245 10 - TITLE STATEMENT
Title Tree roots and buildings
260 ## - PUBLICATION, DISTRIBUTION, ETC.
Date of publication, distribution, etc. 1984
350 ## -
-- 0.00
995 ## -
-- ANNEX COLLECTION (Main Library)
-- 0.00
-- 708290
-- CBU-MAIN LIBRARY (Kitwe)
-- 1
-- 5.95
-- TH 153 Cut
-- AVAILABLE
-- 015166
-- Annex Low-Usage Collection
995 ## -
-- ANNEX COLLECTION (Main Library)
-- 0.00
-- 709597
-- CBU-MAIN LIBRARY (Kitwe)
-- 2
-- 5.95
-- TH 153 Cut
-- AVAILABLE
-- 015167
-- Annex Low-Usage Collection
999 ## -
-- 81427
-- 81427
Holdings
Withdrawn status Lost status Source of classification or shelving scheme Damaged status Not for loan Permanent Location Current Location Shelving location Date acquired Total Checkouts Full call number Barcode Date last seen Copy number Price effective from Koha item type
          CBU-MAIN LIBRARY, KITWE. CBU-MAIN LIBRARY, KITWE.   08/18/2023   TH 153 Cut 015166 08/18/2023 1 08/18/2023 MONOGRAPH
          CBU-MAIN LIBRARY, KITWE. CBU-MAIN LIBRARY, KITWE.   08/18/2023   TH 153 Cut 015167 08/18/2023 2 08/18/2023 MONOGRAPH